| 000 | 00979cam a22002411 4500 | ||
|---|---|---|---|
| 001 | sd 46000025 | ||
| 003 | DLC | ||
| 005 | 20260227112735.0 | ||
| 008 | 941007s1944 nyu f000 0 eng c | ||
| 010 | _asd 46000025 | ||
| 035 | _a(OCoLC)31236837 | ||
| 040 |
_aU.S. Dept. of State. Libr. _cIEN _dDLC |
||
| 042 | _apremarc | ||
| 050 | 0 | 0 |
_aD410 _b.F65 vol. 20, no. 2 |
| 100 | 1 |
_aFeis, Herbert, _d1893-1972. |
|
| 245 | 1 | 0 |
_aEconomics and peace, _cby Herbert Feis. |
| 260 |
_aNew York, N.Y., _bForeign Policy Association, Incorporated _c[1944] |
||
| 300 |
_a1 p. l., 15-19, [1] p. _c27 cm. |
||
| 440 | 0 |
_aForeign policy reports, _vvol. xx, no. 2. April 1, 1944 |
|
| 500 | _a"Text, with a few corrections and amendments, of speech delivered ... before the Cincinnati branch of the Foreign Policy Association on February 17, 1944." | ||
| 500 | _a"A guide to recent books on economic reconstruction, by Grant S. McClellan": p. [20] | ||
| 651 | 0 |
_aUnited States _xCommercial policy. |
|
| 999 |
_c89963 _d89963 |
||